| 000 | 00971nam0a22002651 4500 | ||
|---|---|---|---|
| 001 | rc\2725917 | ||
| 005 | 20260406171036.0 | ||
| 035 | _a(NLR Aleph) 006853396 | ||
| 090 |
_a6771037 _c6771037 |
||
| 100 | _a20110915d1943 u y0rusy50 ca | ||
| 101 | 0 | _arus | |
| 102 | _aRU | ||
| 105 | _ay z ||||| | ||
| 200 | 1 |
_aСборник инструктивных материалов для техникумов Наркомугля СССР _fГУУЗ НКУП СССР |
|
| 210 |
_aМосква _cБ. и. _d1943 |
||
| 215 |
_aТит. л., 95 с., без обл. _d31 см. |
||
| 300 | _aСтеклогр. изд. | ||
| 710 | 0 | 1 |
_aСССР _bНародный комиссариат угольной промышленности _3RU\NLR\AUTH\889938452 _9371749 |
| 801 | 0 |
_aRU _bNLR _gpsbo |
|
| 801 | 1 |
_aRU _bELAR _2rusmarc |
|
| 852 |
_aNLR _jПр40 Г-8/2 |
||
| 942 | _cBOOK | ||
| 945 | _aРоссийская национальная библиотека | ||
| 980 | _aNB | ||
| 980 | _aBV | ||